| 000 | 00634nam a2200217 i 4500 | ||
|---|---|---|---|
| 001 | 76685 | ||
| 003 | ES-MaACL | ||
| 005 | 20240424133036.0 | ||
| 007 | t| | ||
| 008 | 041004s1969 sp ||||1| spa d | ||
| 100 | 1 |
_aGuillén, Jorge, _d1893-1984 _960765 |
|
| 245 | 1 | 3 |
_aEl argumento de la obra / _cJorge Guillén. |
| 250 | _a1ª ed. | ||
| 260 |
_a[Barcelona] : _bLlibres Sinera, _c1969. |
||
| 300 |
_a111 p. ; _c18 cm. |
||
| 490 | 1 |
_aOcnos ; _v1 |
|
| 650 | 4 |
_aPoesía española- _yS.XX- _xHistoria y crítica. _916167 |
|
| 830 | 1 |
_aColección Ocnos _v1 _9181638 |
|
| 852 |
_aES-MaACL _jC-40385 |
||
| 999 |
_c76685 _d76685 |
||